Thần thoại Hylạp

Đã lưu trong:
書目詳細資料
主要作者: Nguyễn Văn Khoả
格式: 圖書
標簽: 添加標簽
沒有標簽, 成為第一個標記此記錄!
Thư viện lưu trữ: Mạng thư viện Đại học Đà Nẵng
LEADER 00736nam a2200217 4500
001 000004953
003 1095
005 20150812140809.0
008 110805s sd
100 0 |a Nguyễn Văn Khoả 
245 0 0 |a Thần thoại Hylạp  |c Nguyễn Văn Khoả 
774 |a Nguyễn Văn Khoả  |b In lần thứ 2  |d Hà Nội  |d Đại học và Trung học chuyên nghiệp  |d 1986  |g Tập 1  |h 350 tr.  |w 1096 
774 |a Nguyễn Văn Khoả  |d Khoa học xã hội Hà Nội  |d H.  |d 1987  |g Tập 3  |h 300 tr.  |w 1097 
OWN |a LSP 
999 |a From the UDN01 
TYP |a Monograph 
TYP |a Printed language 
980 |a Mạng thư viện Đại học Đà Nẵng